Unternehmens-Haushalts-Modelle. <Eine> sinnvolle Erweiterung traditioneller Partialmodelle?

Pojem podnik - domácnosť je nástrojom teoretickej analýzy komplexnej rozhodovacej situácie farmárskych rodín. Skreslené vysvetľovanie ponukového a dopytového správania sa farmárskych rodín na agrárnopolitické dôsledky. Peňažné príjmy a "tieňové" príjmy farmárskych domácností.

Salvato in:
Dettagli Bibliografici
Autore principale: Henning, Ch
Natura: Capitolo di libro
Lingua:tedesco
Soggetti:
Tags: Aggiungi Tag
Nessun Tag, puoi essere il primo ad aggiungerne!!

MARC

LEADER 00000naa a2200000 4500
001 r009251
005 20221130112511.6
041 0 |a ger 
044 |a DE 
245 1 0 |a Unternehmens-Haushalts-Modelle.  |b <Eine> sinnvolle Erweiterung traditioneller Partialmodelle?  |c Ch. Henning 
520 |a Pojem podnik - domácnosť je nástrojom teoretickej analýzy komplexnej rozhodovacej situácie farmárskych rodín. Skreslené vysvetľovanie ponukového a dopytového správania sa farmárskych rodín na agrárnopolitické dôsledky. Peňažné príjmy a "tieňové" príjmy farmárskych domácností. 
610 2 0 |a modely ekonomicko-matematické 
610 2 0 |a farmy 
610 2 0 |a domácnosti 
610 2 0 |a podnik 
610 2 0 |a ponuka 
610 2 0 |a dopyt 
610 2 0 |a príjmy obyvateľstva 
610 2 0 |a podnik poľnohospodársky 
610 2 0 |a rodina 
100 1 |a Henning, Ch.